000 00613nam a2200241 i 4500
001 C2-0216338
003 PPAK
005 20180728105015.0
008 990519s1984 enk |||| ||||| | eng d
020 _a0330291769
040 _aPPAK
_beng
_cPPAK
_erda
082 0 4 _a823
_2 23
090 0 0 _a823
_bDOC
_dKSA
100 1 _aDoctorow, E.L.,
_eauthor
245 1 0 _aLives of the Poets
264 1 _aGreat Britain :
_bPan Books ,
_c1984
300 _a145 pages.
336 _2rdacontent
_atext
337 _2rdamedia
_aunmediated
338 _2rdacarrier
_avolume
650 1 0 _aEnglish fiction
942 _ddc
_cB
999 _c159987
_d159987